[Event "Sachsen-Anhalt-ch op"]
[Site "Magdeburg"]
[Date "2021.10.28"]
[Round "1"]
[White "Tews, Steffen"]
[Black "Niemietz, Peter"]
[Result "1-0"]
[WhiteElo "1822"]
[BlackElo "1495"]
[PlyCount "55"]
[EventDate "2021.10.28"]
[EventType "swiss"]
[EventRounds "7"]
[EventCountry "GER"]
[SourceTitle "CBM 205 Extra"]
[Source "ChessBase"]
[SourceDate "2022.01.31"]
[SourceVersion "1"]
[SourceVersionDate "2022.01.31"]
[SourceQuality "1"]

1. d4 Nf6 2. Nf3 d6 3. g3 g6 4. Bg2 Bg7 5. 0-0 0-0 6. c4 Nc6 7. Nc3 e5 8. d5 Ne7 9. e4 h6 10. Qc2 Nh5 11. Nh4 f5 12. exf5 gxf5 13. b3 a6 14. Bb2 Bd7 15. Rae1 Rf7 16. Qd1 Nf6 17. Bh3 Qc8 18. f4 e4 19. Qa1 Ne8 20. Ne2 Bxb2 21. Qxb2 c5 22. a4 b5 23. axb5 axb5 24. Ra1 Rb8 25. Qc3 b4 26. Qb2 Kh7 27. Ra7 Ng6 28. Bxf5 1-0